000 00658nam a2200289Ia 4500
005 20260324144502.0
008 008 260324s9999 xx 000 0 eng d
020 _a9781003419099
037 _aEBOOK
040 _aCRL
040 _beng
040 _cCRL
041 _2eng
041 _aeng
084 _qCRL
100 _aJoseph B. Maier
_91211977
245 0 _aGerman Jewry
245 0 _bIts History and Sociology
260 _bTaylor and Francis
260 _c1988
365 _a
365 _b230
856 _uhttp://www.taylorfrancis.com/books/9781003419099
942 _cEBOOK
999 _c1826168
_d1826168